000 00727nam a2200277Ia 4500
003 OSt
005 20221007110427.0
006 a|||||r|||| 00| 0
007 ta
008 221006b |||||||| |||| 00| 0 eng d
020 _a002932890X
024 _a21,114
037 _cTextual
040 _aLCO
_cLCO
_beng
041 _2eng
_aeng
082 _aY773, L9
100 _aTrattner Walter I.
_9707471
245 0 _aFrom Poor Law to Welfare State
250 _a2nd
260 _aNew
_bYork The Free Press U.S.A.
_c1979
300 _a290
500 _aA History of Social Welfare in America
650 _aWELFARE STATE
942 _hY773, L9
_cTEXL
999 _c1190677
_d1190677